| 000 | 00558nam a2200181Ia 4500 | ||
|---|---|---|---|
| 005 | 20250326124328.0 | ||
| 008 | 250326s9999 xx 000 0 und d | ||
| 037 | _aTextbook | ||
| 040 |
_aFMSL _beng _cFMSL |
||
| 041 |
_aeng _2eng |
||
| 084 |
_aX:54.44 L5 _qFMSL |
||
| 100 |
_aBahgwati J N _9737232 |
||
| 245 | 0 |
_aForeign trade regimes and economic development: India _cBahgwati J N; Srinivasan T N |
|
| 260 |
_aNY _bNY, National Bureau Of Economic Research _c1975 |
||
| 300 | _a261p | ||
| 942 |
_cTB _hX:54.44 L5 |
||
| 999 |
_c1273288 _d1273288 |
||